书目信息 |
| 题名: |
长读苏南
|
|
| 作者: | 董筱丹 , 温铁军 著 | |
| 分册: | 全球化与区域竞争下的苏南经验 | |
| 出版信息: | 北京 东方出版社 2023.03 |
|
| 页数: | 471页 | |
| 开本: | 20cm | |
| 丛书名: | ||
| 单 册: | ||
| 中图分类: | F427.533 | |
| 科图分类: | ||
| 主题词: | 工业经济--中国 | |
| 电子资源: | ||
| ISBN: | 7-5207-2994-X | |
| 000 | 00882nam0 2200241 450 | |
| 001 | 2434689931 | |
| 005 | 20240910094003.42 | |
| 010 | @a7-5207-2994-X@dCNY79.00 | |
| 100 | @a20240910d2023 km y0chiy0120 ea | |
| 101 | 0 | @achi |
| 102 | @aCN@b110000 | |
| 102 | @aCN@b110000 | |
| 200 | 1 | @a长读苏南@AChang Du Su Nan@e国家、村社与地方工业化@i全球化与区域竞争下的苏南经验@f董筱丹,温铁军著@FDong Xiao Dan,Wen Tie Jun Zhu |
| 210 | @a北京@c东方出版社@d2023.03 | |
| 215 | @a471页@d20cm | |
| 517 | 1 | @a国家、村社与地方工业化@AGuo Jia、Cun She Yu Di Fang Gong Ye Hua |
| 517 | 1 | @a全球化与区域竞争下的苏南经验@AQuan Qiu Hua Yu Qu Yu Jing Zheng Xia De Su Nan Jing Yan |
| 606 | 0 | @a工业经济@x中国 |
| 690 | @aF427.533@v4 | |
| 701 | 0 | @a董筱丹@ADong Xiao Dan@4著 |
| 701 | 0 | @a温铁军@AWen Tie Jun@4著 |
| 801 | 0 | @aCN@b大连网信软件有限公司图书馆·11@c20240910 |
| 905 | @aZUCC@dF427.533@e445:1 | |
| 长读苏南:国家、村社与地方工业化.全球化与区域竞争下的苏南经验/董筱丹,温铁军著.-北京:东方出版社,2023.03 |
| 471页;20cm |
| ISBN 7-5207-2994-X:CNY79.00 |
| ● |
| 相关链接 |
|
|
|
|
正题名:长读苏南
索取号:F427.533/445:1
 
预约/预借
| 序号 | 登录号 | 条形码 | 馆藏地/架位号 | 状态 | 备注 |
| 1 | 1053569 | 210535697 | 第一样本阅览室/ [索取号:F427.533/445:1] |
已借出,限还日期为2034.09.11 借出人:宋晓敏 |